|
|
|
|
| LEADER |
00000nab#a22000007a#4500 |
| 001 |
arbauad007279 |
| 003 |
AR-BaUAD |
| 005 |
20250711110827.0 |
| 008 |
941202|||||||||###||||||b###|0###a|spa|| |
| 040 |
|
|
|a AR-BaUAD
|c AR-BaUAD
|b spa
|
| 100 |
|
|
|a Corman, Roger
|
| 245 |
|
|
|a Filmmaking in Hollywood :
|b the changing scene /
|c Roger Corman;
|
| 300 |
0 |
|
|b p. 795, 831, 837-839: il., fot.
|
| 653 |
|
|
|a CINE
|
| 653 |
|
|
|a DIRECTORES DE CINE
|
| 653 |
|
|
|a PRODUCTORES DE CINE
|
| 653 |
|
|
|a PRODUCCION DE CINE
|
| 653 |
|
|
|a HOLLYWOOD
|
| 653 |
|
|
|a ESTADOS UNIDOS
|
| 653 |
|
|
|a CORMAN, ROGER
|
| 773 |
0 |
|
|t AMERICAN CINEMATOGRAPHER
|g v. 61, Nº8 [ago. 1980]
|
| 942 |
|
|
|c ARTI
|
| 952 |
|
|
|0 0
|1 0
|4 0
|7 0
|9 52199
|a AR-BAuAD
|b AR-BAuAD
|d 2025-07-11
|l 0
|p AAQA007279
|r 2025-07-11 11:08:27
|w 2025-07-11
|y ARTI
|
| 990 |
|
|
|a C198
|b TD
|
| 998 |
|
|
|a AAQ
|b BIBUN76
|
| 999 |
|
|
|c 31872
|d 31872
|